000 01182naa a2200289 c 4500
001 48958
999 _c48958
_d48958
003 ES-MaCES
005 20170302104808.0
008 170302s2016 sp ||||| t||||||| ||spa d
040 _aES-MaCES
_bspa
_cES-MaCES
_dES-MaCES
100 1 _96982
_aBallester Pastor, María Amparo
245 1 3 _aLa efectividad en España de la normativa antidiscriminatoria de la Unión Europea
_b: (la dimensión desconocida de las cláusulas horizontales)
_cMaría Amparo Ballester Pastor
500 _aResumen
650 4 _927180
_adiscriminación
650 4 _929521
_adiscriminación por razones de sexo
650 4 _930147
_aigualdad de trato
650 4 _929873
_aDirectiva de la CE
650 4 _929866
_aderecho comunitario
650 4 _929490
_aTribunal de Justicia CE
650 4 _930406
_aplan de acción
650 4 _929889
_aprocedimiento judicial
650 4 _926964
_aEspaña
653 1 0 _aDerecho comunitario
773 0 _985542
_dMadrid Lefebvre El Derecho 2015-
_o088440
_tDerecho de las relaciones laborales
_w(ES-MaCES)46200
_gn. 10 (nov. 2016) {55/1131 R. 088440} ;p. 968-986
902 _aART Artículo de revista
942 _2CES
_cAR
_h6.0.5.